| 000 | 00389nam a2200145Ia 4500 | ||
|---|---|---|---|
| 008 | 210210b2003 xxu||||| |||| 00| 0 eng d | ||
| 082 | _a923.2K FANA | ||
| 100 | _aFANIRAJ (Ke). | ||
| 245 | _aAntoniyo gramschi: samajavadi chintaka mattu rajakarani. | ||
| 260 |
_aBengaluru _bAbhinava Prakashana _c2003 |
||
| 300 | _a112 | ||
| 650 | _aCommunist | ||
| 690 | _aBiography | ||
| 906 | _aSG04096 | ||
| 999 |
_c114836 _d114836 |
||